[Event "4NCL Division 1a"]
[Site "Birmingham, ENG"]
[Date "2016.03.19"]
[Round "7.111"]
[White "Gantner, Matthias"]
[Black "Howell, David W L"]
[Result "0-1"]
[WhiteElo "2297"]
[BlackElo "2674"]
[PlyCount "50"]
[EventDate "2016.03.19"]
[WhiteTeam "White Rose 2"]
[BlackTeam "Cheddleton 1"]

1. e4 e5 2. f4 exf4 3. Nf3 h6 4. d4 g5 5. Nc3 Bg7 6. g3 fxg3 7. hxg3 d6 8. Be3
Bg4 9. Qe2 Nc6 10. O-O-O Qd7 11. Bg2 O-O-O 12. Qc4 a6 13. Rd3 f5 14. e5 d5 15.
Qa4 Nge7 16. b4 Kb8 17. b5 axb5 18. Nxb5 Nc8 19. Nd2 Nb6 20. Qb3 Be2 21. Kb1
Rhe8 22. Ka1 Bxd3 23. cxd3 Nxe5 24. dxe5 Rxe5 25. Bd4 Re2 0-1

[Event "4NCL Division 1a"]
[Site "Birmingham, ENG"]
[Date "2016.03.19"]
[Round "7.112"]
[White "Hawkins, Jonathan"]
[Black "Brown, Martin"]
[Result "1/2-1/2"]
[WhiteElo "2585"]
[BlackElo "2245"]
[PlyCount "85"]
[EventDate "2016.03.19"]
[WhiteTeam "Cheddleton 1"]
[BlackTeam "White Rose 2"]

1. d4 Nf6 2. Bg5 e6 3. e4 h6 4. Bxf6 Qxf6 5. c3 b6 6. Bd3 Bb7 7. Ne2 c5 8. O-O
Nc6 9. e5 Qh4 10. Nd2 cxd4 11. Nf3 Qd8 12. Nexd4 Nxd4 13. cxd4 Be7 14. Qe2 O-O
15. Rac1 Rc8 16. Ba6 Rxc1 17. Rxc1 Bc6 18. Rc3 g6 19. Bb5 Bxb5 20. Qxb5 d6 21.
Rc1 dxe5 22. dxe5 Bg5 23. Re1 Be7 24. h4 Qc7 25. Qa4 Rd8 26. Qf4 Kg7 27. Rc1
Qd7 28. h5 g5 29. Qc4 a5 30. g4 Bc5 31. Kg2 Qd5 32. b3 Qb7 33. Qe2 a4 34. bxa4
Rd4 35. Rc4 Rd5 36. Kg3 Qb8 37. Qe4 Qc7 38. Kg2 Qb8 39. Rc2 Qd8 40. Kf1 Qd7 41.
Ke2 Qb7 42. Rc3 Qd7 43. Kf1 1/2-1/2

[Event "4NCL Division 1a"]
[Site "Birmingham, ENG"]
[Date "2016.03.19"]
[Round "7.113"]
[White "Burnett, Jim"]
[Black "Fodor, Tamas Jr"]
[Result "1/2-1/2"]
[WhiteElo "2177"]
[BlackElo "2499"]
[PlyCount "108"]
[EventDate "2016.03.19"]
[WhiteTeam "White Rose 2"]
[BlackTeam "Cheddleton 1"]

1. d4 d5 2. c4 e6 3. Nc3 c6 4. Nf3 Nf6 5. Bg5 Nbd7 6. cxd5 exd5 7. e3 Qa5 8.
Nd2 Bd6 9. Bd3 O-O 10. Qc2 Re8 11. Rc1 h6 12. Bh4 Ng4 13. Nf3 g5 14. Bg3 Bxg3
15. hxg3 Ndf6 16. O-O Kg7 17. a3 Qd8 18. Rfe1 Qd6 19. Rcd1 Be6 20. e4 dxe4 21.
Nxe4 Nxe4 22. Bxe4 Nf6 23. Bf5 Rad8 24. Ne5 Bxf5 25. Qxf5 Qe6 26. Qc2 Ng4 27.
Nxg4 Qxg4 28. Rxe8 Rxe8 29. d5 cxd5 30. Qc3+ Kg8 31. Rxd5 Qe6 32. Qd3 Kg7 33.
Qd4+ Qf6 34. Kf1 Rc8 35. Qxf6+ Kxf6 36. Rd7 Ke5 37. Ke2 Rc4 38. f3 Rc6 39. Ke3
Rb6 40. g4 Rb3+ 41. Kf2 a6 42. Ke2 f5 43. gxf5 Kxf5 44. Kf2 Ke5 45. g4 Kf4 46.
Rd4+ Ke5 47. Rd2 b5 48. Kg3 a5 49. Kf2 Kf4 50. Rd4+ Ke5 51. Rd2 b4 52. axb4
Rxb4 53. Kg3 Rb3 54. Kf2 Rb4 1/2-1/2

[Event "4NCL Division 1a"]
[Site "Birmingham, ENG"]
[Date "2016.03.19"]
[Round "7.114"]
[White "Arkell, Keith C"]
[Black "Shaw, Peter"]
[Result "0-1"]
[WhiteElo "2451"]
[BlackElo "2108"]
[PlyCount "74"]
[EventDate "2016.03.19"]
[WhiteTeam "Cheddleton 1"]
[BlackTeam "White Rose 2"]

1. Nf3 d6 2. d4 Bg4 3. e4 Nf6 4. Nc3 e6 5. Bg5 Be7 6. Be2 O-O 7. O-O d5 8. e5
Nfd7 9. Bxe7 Qxe7 10. Re1 c5 11. Nb5 Nc6 12. c3 a6 13. Nd6 f6 14. c4 Bxf3 15.
Bxf3 Nxd4 16. Nxb7 Nxe5 17. Na5 Qc7 18. Nb3 Ndxf3+ 19. gxf3 dxc4 20. Nc1 Rad8
21. Qe2 Rd4 22. Qe3 Qc6 23. Kg2 Rg4+ 24. Kh3 Qxf3+ 25. Qxf3 Nxf3 26. Kxg4 Nxe1
27. Rb1 Rb8 28. Kg3 e5 29. f3 Kf7 30. Kf2 Nd3+ 31. Nxd3 cxd3 32. Ke3 c4 33. Kd2
Ke6 34. Kc3 Kd5 35. b3 Kc5 36. Rc1 cxb3 37. Kxd3+ Kd5 0-1

[Event "4NCL Division 1a"]
[Site "Birmingham, ENG"]
[Date "2016.03.19"]
[Round "7.115"]
[White "Arnott, Jonathan W"]
[Black "Eggleston, David J"]
[Result "0-1"]
[WhiteElo "2155"]
[BlackElo "2393"]
[PlyCount "56"]
[EventDate "2016.03.19"]
[WhiteTeam "White Rose 2"]
[BlackTeam "Cheddleton 1"]

1. e4 c5 2. Nf3 d6 3. Bb5+ Nd7 4. d4 cxd4 5. Qxd4 a6 6. Bxd7+ Bxd7 7. c4 Rc8 8.
Nc3 e5 9. Qd3 Qc7 10. b3 b5 11. Nd5 Qc6 12. Nd2 Ne7 13. O-O Nxd5 14. exd5 Qb6
15. Ne4 f5 16. Ng5 Be7 17. Ne6 Bxe6 18. dxe6 O-O 19. Be3 bxc4 20. bxc4 Qc6 21.
Rac1 f4 22. Bd2 f3 23. Qd5 fxg2 24. Kxg2 Qe8 25. Bb4 Rf4 26. Bxd6 Bxd6 27. e7+
Qf7 28. Qxd6 Rg4+ 0-1

[Event "4NCL Division 1a"]
[Site "Birmingham, ENG"]
[Date "2016.03.19"]
[Round "7.116"]
[White "Williams, Simon K"]
[Black "Gayson, Peter M"]
[Result "1-0"]
[WhiteElo "2435"]
[BlackElo "2132"]
[PlyCount "121"]
[EventDate "2016.03.19"]
[WhiteTeam "Cheddleton 1"]
[BlackTeam "White Rose 2"]

1. d4 f5 2. f3 Nf6 3. e4 d6 4. Nc3 Nc6 5. d5 Ne5 6. f4 Nf7 7. exf5 Bxf5 8. Nf3
e5 9. Ng5 Nxg5 10. fxg5 Nd7 11. g4 Bg6 12. h4 Be7 13. h5 Bf7 14. Ne4 Nc5 15.
Nxc5 dxc5 16. Bb5+ c6 17. dxc6 Qxd1+ 18. Kxd1 O-O-O+ 19. Ke1 Bd5 20. cxb7+ Kxb7
21. Rf1 Rhf8 22. Be3 Rxf1+ 23. Bxf1 Be4 24. c3 g6 25. Rd1 Rxd1+ 26. Kxd1 Bf3+
27. Be2 Bxe2+ 28. Kxe2 Kc6 29. Kd3 Kd5 30. c4+ Ke6 31. Ke4 a6 32. b3 Bd6 33.
Bd2 Bc7 34. a3 Bd8 35. b4 cxb4 36. axb4 Bc7 37. b5 axb5 38. cxb5 Bb6 39. Bc3
Bc7 40. Bb2 Bb8 41. b6 Bd6 42. Bc3 Bc5 43. b7 Bd6 44. Bb4 Bc7 45. Bc5 Bb8 46.
Bf2 Kd6 47. Bg3 Ke6 48. Bh2 Bc7 49. Bg1 Bb8 50. Bc5 Kd7 51. Kd5 e4 52. Bd4 Ke7
53. Be5 Ba7 54. Kxe4 Kf7 55. b8=Q Bxb8 56. Bxb8 Kg7 57. Be5+ Kg8 58. Kd5 Kf7
59. Kd6 Kg8 60. Ke6 Kf8 61. Kf6 1-0

[Event "4NCL Division 1a"]
[Site "Birmingham, ENG"]
[Date "2016.03.19"]
[Round "7.117"]
[White "O'driscoll, Kieran"]
[Black "Kirk, Ezra"]
[Result "0-1"]
[WhiteElo "2101"]
[BlackElo "2307"]
[PlyCount "58"]
[EventDate "2016.03.19"]
[WhiteTeam "White Rose 2"]
[BlackTeam "Cheddleton 1"]

1. d4 Nc6 2. Nf3 d6 3. Bf4 g6 4. h3 Bg7 5. e3 Bf5 6. Nc3 e5 7. Bh2 exd4 8. Nxd4
Bd7 9. Be2 Nf6 10. Qd2 O-O 11. O-O-O Rb8 12. g4 Nxd4 13. exd4 b5 14. Bf3 b4 15.
Nd5 a5 16. Bf4 Be6 17. Bg5 Rb5 18. Nxf6+ Bxf6 19. Bh6 Bxa2 20. Be2 Rd5 21. Bxf8
Rxd4 22. Qxd4 Bxd4 23. Rxd4 Qf6 24. Rhd1 Kxf8 25. b3 c5 26. R4d3 a4 27. Rf3
Qg5+ 28. Kb2 Qe5+ 29. Kxa2 Qxe2 0-1

[Event "4NCL Division 1a"]
[Site "Birmingham, ENG"]
[Date "2016.03.19"]
[Round "7.118"]
[White "Steil-Antoni, Fiona"]
[Black "Gatzke, Carolin"]
[Result "1-0"]
[WhiteElo "2181"]
[BlackElo "1730"]
[PlyCount "73"]
[EventDate "2016.03.19"]
[WhiteTeam "Cheddleton 1"]
[BlackTeam "White Rose 2"]

1. e4 d5 2. exd5 Qxd5 3. Nc3 Qa5 4. d4 c6 5. Nf3 Nf6 6. Bd2 Qb6 7. b4 Bf5 8.
Na4 Qc7 9. c4 e6 10. g3 Nbd7 11. Bg2 Be7 12. Qe2 O-O 13. O-O Rfe8 14. a3 Rad8
15. Bf4 Qc8 16. Nc3 Nf8 17. Be3 Ng4 18. Rad1 Bf6 19. Bc1 Be7 20. h3 Nf6 21. g4
Bg6 22. Ne5 Bd6 23. f4 h6 24. h4 N6d7 25. h5 Bh7 26. Ne4 Be7 27. g5 Bf5 28.
gxh6 gxh6 29. Qf2 Nxe5 30. fxe5 Nh7 31. Bxh6 Kh8 32. Ng3 Bh4 33. Bg7+ Kg8 34.
h6 Ng5 35. Qf4 Nh3+ 36. Bxh3 Bxh3 37. Qxf7+ 1-0

[Event "4NCL Division 1a"]
[Site "Birmingham, ENG"]
[Date "2016.03.19"]
[Round "7.121"]
[White "Lund, D Brett"]
[Black "Zhou, Yang-Fan"]
[Result "0-1"]
[WhiteElo "2286"]
[BlackElo "2454"]
[PlyCount "72"]
[EventDate "2016.03.19"]
[WhiteTeam "Spirit of Atticus A"]
[BlackTeam "Guildford 2"]

1. c4 e5 2. g3 h5 3. h4 Nc6 4. Bg2 Bc5 5. Nc3 d6 6. Na4 Nge7 7. Nxc5 dxc5 8. d3
Bg4 9. Nf3 f6 10. Nh2 Be6 11. a3 a5 12. Nf1 Qd7 13. b3 O-O 14. Rb1 Rad8 15. Nd2
b6 16. Bb2 Bg4 17. Bc3 Qe6 18. Nf1 Qd6 19. Ne3 Be6 20. O-O f5 21. f4 exf4 22.
gxf4 Nd4 23. Rb2 Ng6 24. Nd5 Rb8 25. e3 c6 26. Nxb6 Rxb6 27. exd4 cxd4 28. Bxa5
Ra6 29. Bb4 c5 30. Be1 Nxf4 31. Bg3 Nh3+ 32. Bxh3 Qxg3+ 33. Bg2 f4 34. Qxh5 Bg4
35. Qg5 f3 36. Rbf2 Raf6 0-1

[Event "4NCL Division 1a"]
[Site "Birmingham, ENG"]
[Date "2016.03.19"]
[Round "7.122"]
[White "Fernandez, Daniel Howard"]
[Black "Carleton, John J"]
[Result "0-1"]
[WhiteElo "2474"]
[BlackElo "2285"]
[PlyCount "86"]
[EventDate "2016.03.19"]
[WhiteTeam "Guildford 2"]
[BlackTeam "Spirit of Atticus A"]

1. Nf3 Nf6 2. c4 e6 3. g3 d5 4. Bg2 dxc4 5. O-O Nbd7 6. Na3 Bxa3 7. bxa3 O-O 8.
Qc2 a6 9. a4 Rb8 10. Qxc4 b5 11. Qc2 c5 12. d3 Bb7 13. axb5 axb5 14. a4 Ra8 15.
Be3 Qa5 16. Qb2 b4 17. Rfc1 Rfc8 18. Nd2 Bxg2 19. Kxg2 Nd5 20. Nc4 Qa6 21. Bd2
Qc6 22. e4 N5b6 23. Nxb6 Qxb6 24. d4 Qc6 25. f3 Rxa4 26. dxc5 Rxa1 27. Qxa1 Qb5
28. Qd4 b3 29. c6 Ne5 30. Rb1 Nxc6 31. Qe3 Rd8 32. Bc3 h6 33. Qf2 Rb8 34. Qb2
e5 35. Rd1 Qc4 36. Rd5 Ra8 37. Rd2 Ra2 38. Qc1 Nd4 39. Rxa2 bxa2 40. Qb2 Nb3
41. Qxa2 Qxc3 42. Qa8+ Kh7 43. Qe8 Qc7 0-1

[Event "4NCL Division 1a"]
[Site "Birmingham, ENG"]
[Date "2016.03.19"]
[Round "7.123"]
[White "Ivell, Nicholas W"]
[Black "Smerdon, David C"]
[Result "0-1"]
[WhiteElo "2258"]
[BlackElo "2521"]
[PlyCount "84"]
[EventDate "2016.03.19"]
[WhiteTeam "Spirit of Atticus A"]
[BlackTeam "Guildford 2"]

1. e4 e6 2. d4 d5 3. e5 c5 4. c3 Nc6 5. Nf3 Nh6 6. Bxh6 gxh6 7. Bd3 cxd4 8.
cxd4 Qb6 9. Qe2 Bd7 10. a3 Nxd4 11. Nxd4 Qxd4 12. O-O Bg7 13. Re1 O-O 14. Nc3
f6 15. exf6 Rxf6 16. Rad1 Qb6 17. Rf1 Raf8 18. Bb1 Be8 19. Rd2 h5 20. Qd3 Bg6
21. Qh3 Kh8 22. Bxg6 hxg6 23. Re2 Rf5 24. Qg3 Kh7 25. Kh1 g5 26. Qd3 Kh8 27.
Nd1 g4 28. Ne3 Re5 29. Rc2 Re4 30. Nd1 Qd4 31. Qxd4 Bxd4 32. g3 Bb6 33. Kg2 d4
34. Rd2 Rf3 35. h3 Kg7 36. hxg4 hxg4 37. Rh1 Rb3 38. Rc2 d3 39. Rc8 Bd4 40. Rd8
Kg6 41. Rd7 Bf6 42. Kf1 a5 0-1

[Event "4NCL Division 1a"]
[Site "Birmingham, ENG"]
[Date "2016.03.19"]
[Round "7.124"]
[White "Suarez Real, Alberto"]
[Black "House, Glenn L"]
[Result "1-0"]
[WhiteElo "2402"]
[BlackElo "2215"]
[PlyCount "73"]
[EventDate "2016.03.19"]
[WhiteTeam "Guildford 2"]
[BlackTeam "Spirit of Atticus A"]

1. e4 c5 2. Nf3 e6 3. d4 cxd4 4. Nxd4 Nf6 5. Nc3 d6 6. g4 h6 7. h4 Nc6 8. Rg1
h5 9. gxh5 Nxh5 10. Bg5 Nf6 11. Nxc6 bxc6 12. Qf3 Rb8 13. O-O-O Qb6 14. b3 Nd7
15. Qg3 Qb4 16. Kb1 a5 17. Bd2 Qc5 18. Be2 Nf6 19. e5 dxe5 20. Bg5 Rb4 21. a3
Rf4 22. Bxf4 exf4 23. Qxf4 e5 24. Qd2 Be7 25. Rxg7 Be6 26. Na4 Qxf2 27. Rf1 Qh2
28. Rfg1 Bd5 29. Nc3 e4 30. Qd4 Rxh4 31. Nxd5 Nxd5 32. Rg8+ Kd7 33. Bc4 Ke6 34.
Re1 Qe5 35. Qb6 Kd6 36. Bxd5 Qxd5 37. Rd8+ 1-0

[Event "4NCL Division 1a"]
[Site "Birmingham, ENG"]
[Date "2016.03.19"]
[Round "7.125"]
[White "Mitchell, Martin"]
[Black "Kilpatrick, Callum"]
[Result "0-1"]
[WhiteElo "2175"]
[BlackElo "2349"]
[PlyCount "68"]
[EventDate "2016.03.19"]
[WhiteTeam "Spirit of Atticus A"]
[BlackTeam "Guildford 2"]

1. d4 Nf6 2. c4 g6 3. Nc3 d5 4. Bf4 Bg7 5. e3 O-O 6. cxd5 Nxd5 7. Nxd5 Qxd5 8.
Bxc7 Na6 9. Bxa6 Qxg2 10. Qf3 Qxf3 11. Nxf3 bxa6 12. Ke2 Bg4 13. Rhg1 Bh5 14.
Rac1 f6 15. d5 f5 16. b4 Rae8 17. Rc6 Rf6 18. Rgc1 Kf7 19. d6 exd6 20. Rxd6
Rxd6 21. Bxd6 Ke6 22. Rc6 Kd5 23. Rc7 Kxd6 24. Rxg7 Re7 25. Rg8 Rb7 26. Rd8+
Ke6 27. a3 a5 28. Re8+ Kf7 29. Ra8 axb4 30. axb4 Rxb4 31. Rxa7+ Kg8 32. Ra8+
Kg7 33. Ra7+ Kh6 34. Ra2 Rh4 0-1

[Event "4NCL Division 1a"]
[Site "Birmingham, ENG"]
[Date "2016.03.19"]
[Round "7.126"]
[White "Wadsworth, Matthew J"]
[Black "Jackson, Sheila"]
[Result "1-0"]
[WhiteElo "2312"]
[BlackElo "2144"]
[PlyCount "69"]
[EventDate "2016.03.19"]
[WhiteTeam "Guildford 2"]
[BlackTeam "Spirit of Atticus A"]

1. c4 f5 2. g3 Nf6 3. Bg2 e6 4. Nf3 Be7 5. O-O O-O 6. Nc3 d6 7. b4 e5 8. Qb3
Kh8 9. d4 e4 10. Ne1 Nc6 11. Nc2 Qe8 12. f3 exf3 13. exf3 Qf7 14. d5 Ne5 15. f4
Neg4 16. h3 Nh6 17. Re1 Nh5 18. Nb5 Bf6 19. Nbd4 Bd7 20. Bb2 Qg6 21. Kh2 Rae8
22. b5 Rxe1 23. Rxe1 Re8 24. Rxe8+ Qxe8 25. Bf3 Qg6 26. Ne2 Qe8 27. Ncd4 Ng8
28. Qa3 g6 29. Qxa7 Qe3 30. Kg2 Qd3 31. Qxb7 Qxc4 32. b6 Qxa2 33. bxc7 Ng7 34.
Qb8 Qc4 35. Qd8 1-0

[Event "4NCL Division 1a"]
[Site "Birmingham, ENG"]
[Date "2016.03.19"]
[Round "7.127"]
[White "Latham, David"]
[Black "Ciuksyte, Dagne"]
[Result "0-1"]
[WhiteElo "2127"]
[BlackElo "2328"]
[PlyCount "44"]
[EventDate "2016.03.19"]
[WhiteTeam "Spirit of Atticus A"]
[BlackTeam "Guildford 2"]

1. Nf3 Nf6 2. g3 d5 3. Bg2 e6 4. O-O c5 5. c4 d4 6. d3 Nc6 7. Nbd2 Be7 8. Ne1
e5 9. a3 O-O 10. Rb1 a5 11. e4 dxe3 12. fxe3 Bg4 13. Qc2 Qd7 14. Ne4 Rad8 15.
Nxf6+ Bxf6 16. Rf2 h5 17. Bxc6 Qxc6 18. b4 axb4 19. axb4 e4 20. bxc5 exd3 21.
Nxd3 Rxd3 22. Qxd3 Rd8 0-1

[Event "4NCL Division 1a"]
[Site "Birmingham, ENG"]
[Date "2016.03.19"]
[Round "7.128"]
[White "Kalaiyalahan, Akshaya"]
[Black "Ackley, Peter J E"]
[Result "1-0"]
[WhiteElo "2236"]
[BlackElo "2087"]
[PlyCount "59"]
[EventDate "2016.03.19"]
[WhiteTeam "Guildford 2"]
[BlackTeam "Spirit of Atticus A"]

1. d4 g6 2. c4 Bg7 3. Nc3 d6 4. Nf3 Nd7 5. g3 e5 6. Bg2 Ne7 7. O-O O-O 8. e4
exd4 9. Nxd4 Nc6 10. Nxc6 bxc6 11. Qc2 Ne5 12. c5 f5 13. f4 Ng4 14. Rd1 Qf6 15.
h3 Nh6 16. Be3 fxe4 17. Nxe4 Qxb2 18. Qxb2 Bxb2 19. Rab1 Nf5 20. Bf2 Bg7 21.
cxd6 cxd6 22. Nxd6 Be6 23. Nxf5 Rxf5 24. Bxc6 Rc8 25. Bd7 Bxd7 26. Rxd7 Ra5 27.
Rbb7 Rc1+ 28. Kg2 Bf8 29. Rxa7 Rb5 30. Rd2 1-0

[Event "4NCL Division 1a"]
[Site "Birmingham, ENG"]
[Date "2016.03.19"]
[Round "7.131"]
[White "Gordon, Stephen J"]
[Black "Parker, Jonathan F"]
[Result "1/2-1/2"]
[WhiteElo "2493"]
[BlackElo "2528"]
[PlyCount "92"]
[EventDate "2016.03.19"]
[WhiteTeam "3Cs 1"]
[BlackTeam "Barbican 4NCL 1"]

1. c4 e5 2. g3 Nf6 3. Bg2 d5 4. cxd5 Nxd5 5. Nc3 Nb6 6. Nf3 Nc6 7. O-O Be7 8.
a3 O-O 9. d3 Re8 10. b4 Bf8 11. Nd2 a5 12. b5 Nd4 13. e3 Ne6 14. Nf3 Bd6 15. a4
Nc5 16. d4 exd4 17. exd4 Ncd7 18. Qb3 h6 19. Bb2 Nf6 20. Rad1 Be6 21. d5 Bf5
22. Nd4 Qd7 23. Nxf5 Qxf5 24. Rd2 Re7 25. Qd1 Nc4 26. Rc2 Nxb2 27. Rxb2 Rae8
28. b6 cxb6 29. Rxb6 Bc5 30. Rb5 Re1 31. Rxc5 Rxd1 32. Nxd1 b6 33. Ne3 Qh5 34.
Rc6 Ng4 35. Nxg4 Qxg4 36. Rxb6 Qxa4 37. d6 Rd8 38. Rfb1 Qd4 39. R6b5 Rxd6 40.
Rxa5 Rf6 41. Ra2 g5 42. Re2 Qc5 43. Rf1 Kg7 44. Re4 Rd6 45. Rfe1 Rf6 46. Rf1
Rd6 1/2-1/2

[Event "4NCL Division 1a"]
[Site "Birmingham, ENG"]
[Date "2016.03.19"]
[Round "7.132"]
[White "Turner, Matthew J"]
[Black "Ashton, Adam G"]
[Result "1-0"]
[WhiteElo "2502"]
[BlackElo "2381"]
[PlyCount "89"]
[EventDate "2016.03.19"]
[WhiteTeam "Barbican 4NCL 1"]
[BlackTeam "3Cs 1"]

1. g3 d5 2. Bg2 e5 3. d3 Nf6 4. c4 dxc4 5. Qa4+ c6 6. Qxc4 Bd6 7. Nf3 O-O 8.
O-O Re8 9. Nbd2 h6 10. b3 Nbd7 11. Bb2 Qe7 12. Rfd1 Ba3 13. Bxa3 Qxa3 14. Qc1
Qxc1 15. Raxc1 Nb6 16. e4 Bg4 17. h3 Bxf3 18. Nxf3 Rad8 19. Kf1 Na8 20. Ke2 Nc7
21. Ke3 Nb5 22. a4 Nd4 23. b4 Nxf3 24. Bxf3 Rd4 25. b5 Red8 26. bxc6 bxc6 27.
a5 R8d6 28. Rc3 Ra4 29. Rdc1 Rxa5 30. Rxc6 Rxc6 31. Rxc6 Nd7 32. Rc8+ Nf8 33.
Bd1 Ra3 34. Rb8 g5 35. Bb3 Ra6 36. Bc4 Rf6 37. Re8 Kg7 38. Rxe5 Rd6 39. Ra5 Rd7
40. f4 gxf4+ 41. gxf4 Ne6 42. Bxe6 fxe6 43. f5 exf5 44. Rxf5 a6 45. Ra5 1-0

[Event "4NCL Division 1a"]
[Site "Birmingham, ENG"]
[Date "2016.03.19"]
[Round "7.133"]
[White "Horton, Andrew P"]
[Black "Merry, Alan B"]
[Result "0-1"]
[WhiteElo "2299"]
[BlackElo "2367"]
[PlyCount "72"]
[EventDate "2016.03.19"]
[WhiteTeam "3Cs 1"]
[BlackTeam "Barbican 4NCL 1"]

1. Nf3 d5 2. c4 d4 3. g3 c5 4. Bg2 Nc6 5. e3 e5 6. d3 Nge7 7. O-O Ng6 8. exd4
cxd4 9. Re1 Be7 10. b3 O-O 11. Ba3 Bf5 12. Bxe7 Qxe7 13. a3 a5 14. Qc2 Rfe8 15.
Nbd2 Nf8 16. Nh4 Bg4 17. f4 Ng6 18. Nxg6 hxg6 19. Bxc6 bxc6 20. Rxe5 Qf8 21.
Kg2 Rxe5 22. fxe5 Re8 23. h3 Bd7 24. Nf3 c5 25. Re1 Bc6 26. Qf2 Rb8 27. Qc2 Qc8
28. Qd1 Qf5 29. Rf1 Qxe5 30. Kh2 Qe3 31. h4 a4 32. b4 cxb4 33. axb4 Rxb4 34.
Qe1 Rb2+ 35. Kh3 Bxf3 36. Qxe3 Bg2+ 0-1

[Event "4NCL Division 1a"]
[Site "Birmingham, ENG"]
[Date "2016.03.19"]
[Round "7.134"]
[White "Cox, John J"]
[Black "Walton, Alan J"]
[Result "0-1"]
[WhiteElo "2353"]
[BlackElo "2206"]
[PlyCount "82"]
[EventDate "2016.03.19"]
[WhiteTeam "Barbican 4NCL 1"]
[BlackTeam "3Cs 1"]

1. c4 f5 2. g3 Nf6 3. Bg2 d6 4. Nc3 e5 5. d3 Be7 6. e4 O-O 7. Nge2 Nc6 8. O-O
Qe8 9. Nd5 Bd8 10. f3 Nd4 11. Nxd4 exd4 12. Nxf6+ Bxf6 13. exf5 Bxf5 14. g4 Bd7
15. f4 Bh4 16. Bxb7 Bc6 17. Bxc6 Qxc6 18. Bd2 Rae8 19. g5 Qd7 20. f5 h6 21.
gxh6 Rxf5 22. hxg7 Re7 23. Bh6 Ref7 24. Qe2 Bf2+ 25. Kh1 Qc6+ 26. Qe4 d5 27.
cxd5 Qxh6 28. Rg1 Rg5 29. Qe8+ Kxg7 30. Qe5+ Kg6 31. Qe6+ Rf6 32. Qg8+ Kh5 33.
Qe8+ Kh4 34. Qe4+ Kh3 35. Rg2 Qg6 36. Rxg5 Qxg5 37. Rf1 Qf5 38. Qg2+ Kh4 39.
Rxf2 Qxf2 40. Qe4+ Kg5 41. Qe5+ Kh6 0-1

[Event "4NCL Division 1a"]
[Site "Birmingham, ENG"]
[Date "2016.03.19"]
[Round "7.135"]
[White "Abbas, Daniel"]
[Black "Franklin, Samuel G A"]
[Result "1-0"]
[WhiteElo "2260"]
[BlackElo "2300"]
[PlyCount "81"]
[EventDate "2016.03.19"]
[WhiteTeam "3Cs 1"]
[BlackTeam "Barbican 4NCL 1"]

1. e4 e5 2. Nf3 Nc6 3. Bb5 a6 4. Ba4 Nf6 5. O-O b5 6. Bb3 Bc5 7. a4 Rb8 8. c3
d6 9. d4 Bb6 10. Na3 O-O 11. axb5 axb5 12. Nxb5 Bg4 13. Re1 exd4 14. cxd4 Bxf3
15. gxf3 Nxd4 16. Nxd4 Bxd4 17. Bxf7+ Rxf7 18. Qxd4 Qd7 19. Kg2 h6 20. Ra5 Re8
21. Be3 Nh7 22. Qc4 Kh8 23. h3 Rfe7 24. Rc1 c5 25. Rd1 Qc7 26. Ra6 Re6 27. Qd5
Nf6 28. Qc6 Qf7 29. Rxd6 Re5 30. Ra8 Qg6+ 31. Kh2 Kh7 32. Rxe8 Rxe8 33. Qxc5
Ra8 34. Rd1 Qf7 35. Qf5+ Kh8 36. Rd6 Qc7 37. Bf4 Qc2 38. Rd2 Qc6 39. Be5 Qc1
40. Bf4 Qc6 41. b4 1-0

[Event "4NCL Division 1a"]
[Site "Birmingham, ENG"]
[Date "2016.03.19"]
[Round "7.136"]
[White "Taylor, Martin R"]
[Black "Longson, Alexander"]
[Result "1/2-1/2"]
[WhiteElo "2322"]
[BlackElo "2286"]
[PlyCount "31"]
[EventDate "2016.03.19"]
[WhiteTeam "Barbican 4NCL 1"]
[BlackTeam "3Cs 1"]

1. d4 d5 2. c4 dxc4 3. Nf3 a6 4. e3 b5 5. a4 Bb7 6. axb5 axb5 7. Rxa8 Bxa8 8.
b3 e6 9. bxc4 bxc4 10. Bxc4 Nf6 11. Nbd2 Nbd7 12. O-O c5 13. Nb3 cxd4 14. Qxd4
Be7 15. Bb2 O-O 16. Qa7 1/2-1/2

[Event "4NCL Division 1a"]
[Site "Birmingham, ENG"]
[Date "2016.03.19"]
[Round "7.137"]
[White "Congiu, Mathilde"]
[Black "Navarro Cia, Miguel"]
[Result "1-0"]
[WhiteElo "2265"]
[BlackElo "2275"]
[PlyCount "149"]
[EventDate "2016.03.19"]
[WhiteTeam "3Cs 1"]
[BlackTeam "Barbican 4NCL 1"]

1. e4 Nf6 2. e5 Nd5 3. d4 d6 4. c4 Nb6 5. exd6 cxd6 6. Nc3 g6 7. Be3 Bg7 8. Rc1
O-O 9. b3 f5 10. g3 e5 11. dxe5 dxe5 12. Qxd8 Rxd8 13. c5 f4 14. Bd2 N6d7 15.
Bc4+ Kh8 16. Ne4 h6 17. b4 Nc6 18. Nd6 Kh7 19. Bd5 Nf6 20. Bg2 a6 21. a4 fxg3
22. hxg3 e4 23. Bc3 Nd5 24. Bxg7 Kxg7 25. b5 axb5 26. axb5 Ne5 27. Bxe4 Nf6 28.
f4 Nxe4 29. fxe5 Nxg3 30. Rh2 Nf5 31. Ne2 b6 32. cxb6 Nxd6 33. exd6 Rxd6 34. b7
Bxb7 35. Rc7+ Kf6 36. Rxb7 Ra1+ 37. Kf2 h5 38. Rh3 Ra2 39. Rc7 Rb2 40. Rf3+ Kg5
41. Rg3+ Kf6 42. Rf3+ Kg5 43. Rc5+ Kh6 44. Re3 Rf6+ 45. Kg3 g5 46. Rc6 Kg6 47.
Rxf6+ Kxf6 48. Nd4 Rb4 49. Re6+ Kf7 50. Rd6 Ke7 51. Nf5+ Kf7 52. Nd4 Ke7 53.
Rd5 Kf6 54. Kf3 Kg6 55. Rd6+ Kf7 56. Ke4 h4 57. Kf5 h3 58. Rd7+ Ke8 59. Ke6 g4
60. Rg7 Kf8 61. Rxg4 h2 62. Rf4+ Kg8 63. Rh4 Rxd4 64. Rxh2 Rb4 65. Rh5 Kf8 66.
Rc5 Rb1 67. Kd7 Rd1+ 68. Kc7 Ke7 69. Re5+ Kf6 70. Re2 Rc1+ 71. Kb7 Kf7 72. b6
Kf8 73. Kb8 Kf7 74. b7 Kg8 75. Ra2 1-0

[Event "4NCL Division 1a"]
[Site "Birmingham, ENG"]
[Date "2016.03.19"]
[Round "7.138"]
[White "Lauterbach, Ingrid"]
[Black "Horton, Jamie A"]
[Result "1/2-1/2"]
[WhiteElo "2090"]
[BlackElo "2110"]
[PlyCount "93"]
[EventDate "2016.03.19"]
[WhiteTeam "Barbican 4NCL 1"]
[BlackTeam "3Cs 1"]

1. Nf3 c5 2. g3 g6 3. Bg2 Bg7 4. O-O Nc6 5. d3 d6 6. e4 e5 7. Nc3 Nge7 8. Be3
O-O 9. Qd2 Nd4 10. Nd5 Nxd5 11. exd5 Nf5 12. c3 Nxe3 13. fxe3 Bh6 14. Qf2 f5
15. Nd2 Rb8 16. a4 b6 17. Nc4 Ba6 18. Qe2 Qe7 19. b3 Rbd8 20. Rae1 Bc8 21. e4
f4 22. g4 Qh4 23. Bf3 Bg5 24. Rd1 Be7 25. Kh1 Kh8 26. Rg1 Rg8 27. d4 exd4 28.
cxd4 cxd4 29. e5 dxe5 30. Qxe5+ Bf6 31. Qxf4 Rge8 32. d6 Ba6 33. Rxd4 Bxc4 34.
bxc4 Be5 35. Qd2 Qf6 36. Rd3 Rxd6 37. Bd5 Rf8 38. Qe2 Rdd8 39. Rf3 Qg7 40. Rgf1
Rxf3 41. Rxf3 Bf6 42. Re3 Rf8 43. Re8 Bh4 44. Rxf8+ Qxf8 45. Qe5+ Bf6 46. Qf4
Bg7 47. Qxf8+ 1/2-1/2

[Event "4NCL Division 1a"]
[Site "Birmingham, ENG"]
[Date "2016.03.19"]
[Round "7.141"]
[White "Speelman, Jon S"]
[Black "Tan, Justin"]
[Result "1/2-1/2"]
[WhiteElo "2520"]
[BlackElo "2441"]
[PlyCount "41"]
[EventDate "2016.03.19"]
[WhiteTeam "Wood Green HK"]
[BlackTeam "Oxford 1"]

1. c4 c5 2. Nf3 Nc6 3. Nc3 g6 4. e3 Nf6 5. d4 cxd4 6. exd4 d5 7. cxd5 Nxd5 8.
Qb3 e6 9. Bg5 Be7 10. Bxe7 Ndxe7 11. Rd1 O-O 12. Bb5 Bd7 13. O-O Na5 14. Qa4
Bxb5 15. Qxb5 Nd5 16. Nxd5 Qxd5 17. Qxd5 exd5 18. Ne5 Rac8 19. Rc1 Rfd8 20.
Rfd1 f6 21. Ng4 1/2-1/2

[Event "4NCL Division 1a"]
[Site "Birmingham, ENG"]
[Date "2016.03.19"]
[Round "7.142"]
[White "Zakarian, David"]
[Black "Shaw, John"]
[Result "1/2-1/2"]
[WhiteElo "2392"]
[BlackElo "2452"]
[PlyCount "118"]
[EventDate "2016.03.19"]
[WhiteTeam "Oxford 1"]
[BlackTeam "Wood Green HK"]

1. d4 d5 2. c4 dxc4 3. e3 e5 4. Bxc4 Nc6 5. d5 Na5 6. Qa4+ c6 7. dxc6 Nxc6 8.
Nf3 Bd7 9. Nc3 Rc8 10. O-O Be7 11. Qb3 Nh6 12. Bd5 Qc7 13. h3 O-O 14. e4 Bc5
15. Ne2 Nb4 16. Bxh6 gxh6 17. Rac1 Bb5 18. a3 Nxd5 19. Qxb5 Qb6 20. Qxb6 Nxb6
21. Nxe5 Rfd8 22. Rfd1 Rxd1+ 23. Rxd1 Be7 24. Nf3 Kf8 25. Rc1 Rd8 26. Kf1 Na4
27. Rb1 Rd3 28. Nc1 Rd1+ 29. Ke2 Nxb2 30. Rxb2 Rxc1 31. Rxb7 Rc2+ 32. Kd3 Rxf2
33. Rxa7 Rxg2 34. e5 Bc5 35. Ra5 Rf2 36. Ke4 Re2+ 37. Kf4 Be3+ 38. Kg3 Ke7 39.
Ra6 Bf2+ 40. Kg4 Bc5 41. a4 Re4+ 42. Kf5 Re3 43. Kf4 Ra3 44. Ra5 Bb6 45. Ra8 h5
46. Nh4 Rxh3 47. Nf5+ Kd7 48. Rf8 Ke6 49. Rb8 Bc7 50. Re8+ Kd5 51. Re7 Bb8 52.
Rd7+ Ke6 53. Re7+ Kd5 54. Ne3+ Kc6 55. a5 f6 56. Re6+ Kc5 57. Rxf6 Bxe5+ 58.
Kxe5 Rxe3+ 59. Kf4 Ra3 1/2-1/2